000 00529nam a2200181Ia 4500
005 20250508164909.0
008 008 250505s9999 xx 000 0 eng d
037 _aDissertations
040 _aFEDL
_beng
_cFEDL
041 _aeng
_2eng
084 _a420.7, JAI/DI
_qFEDL
100 _aJain Rachna
_9546811
245 0 _aDeveloping methodology to improve spellings in english
260 _c2001
546 _aM.Ed. Dissertation (Delhi University)
942 _cDIS
_h420.7, JAI/DI
999 _c1391876
_d1391876